|
|
|
|
| LEADER |
00000nam a22000007a 4500 |
| 003 |
Ucuenca |
| 005 |
20230308225637.0 |
| 008 |
180103b1957 sp ||||| |||| 00| 0 spa d |
| 040 |
|
|
|b spa
|
| 041 |
1 |
|
|a spa
|
| 082 |
0 |
|
|a 946
|
| 100 |
1 |
|
|a Vives, J. Vicens
|9 218342
|
| 245 |
|
|
|a Historia social y económica de España y América: Colonizaciones, feudalismo américa primitiva
|c J. Vicens Vives
|h imp
|n tomo 1
|
| 264 |
|
|
|a Barcelona
|b Teide
|c 1957
|
| 300 |
|
|
|a 509 páginas:
|b ilu
|c 25 cm
|
| 505 |
0 |
|
|a Historia social de la España Antigua.-- El mundo de los invasores.-- El feudalismo.-- Los pueblos precolombinos
|
| 650 |
|
|
|9 62364
|a Historia social de españa
|
| 650 |
|
|
|9 30178
|a Historia economica de españa
|
| 650 |
|
|
|9 370
|a Historia de america
|
| 942 |
|
|
|c BK
|z denisse.artiles@ucuenca.edu.ec
|
| 999 |
|
|
|c 153416
|d 153416
|